[Event "Collado Villalba op-A 36th"]
[Site "Collado Villalba"]
[Date "2019.08.30"]
[Round "8"]
[White "Cuellar Gutierrez, Raul"]
[Black "Casas Gomez, Jose"]
[Result "1-0"]
[WhiteElo "1995"]
[BlackElo "1695"]
[PlyCount "75"]
[EventDate "2019.08.23"]
[EventType "swiss"]
[EventRounds "9"]
[EventCountry "ESP"]
[SourceTitle "CBM 192 Extra"]
[Source "Chessbase"]
[SourceDate "2019.11.06"]
[SourceVersion "1"]
[SourceVersionDate "2019.11.06"]
[SourceQuality "1"]

1. d4 d5 2. Nf3 Nf6 3. g3 c6 4. Bg2 Bf5 5. c4 h6 6. 0-0 e6 7. Nbd2 Nbd7 8. Qb3 Qb6 9. c5 Qa6 10. Re1 b6 11. cxb6 axb6 12. Ne5 Nxe5 13. dxe5 Ne4 14. Nxe4 dxe4 15. Be3 Be7 16. Qxb6 Qxb6 17. Bxb6 Bb4 18. Red1 Rb8 19. Bc7 Rc8 20. Bb6 Rb8 21. Be3 0-0 22. a3 Be7 23. Rd7 Rfe8 24. b4 Bf8 25. Rc7 Ra8 26. Bc5 Bxc5 27. bxc5 Rec8 28. Rxc8+ Rxc8 29. a4 Ra8 30. a5 Ra6 31. e3 Kf8 32. Bf1 Ra7 33. a6 Kg8 34. Rb1 Rd7 35. h3 Kh7 36. Kg2 Rd2 37. Rb6 Rd8 38. g4 1-0

[Event "Collado Villalba op-A 36th"]
[Site "Collado Villalba"]
[Date "2019.08.27"]
[Round "5"]
[White "Mkrtchyan, Levon"]
[Black "Casas Gomez, Jose"]
[Result "1-0"]
[WhiteElo "2148"]
[BlackElo "1695"]
[PlyCount "51"]
[EventDate "2019.08.23"]
[EventType "swiss"]
[EventRounds "9"]
[EventCountry "ESP"]
[SourceTitle "CBM 192 Extra"]
[Source "Chessbase"]
[SourceDate "2019.11.06"]
[SourceVersion "1"]
[SourceVersionDate "2019.11.06"]
[SourceQuality "1"]

1. e4 c5 2. Nf3 Nc6 3. d4 cxd4 4. Nxd4 e5 5. Nb5 a6 6. Nd6+ Bxd6 7. Qxd6 Qf6 8. Qd2 Nge7 9. Bc4 d6 10. Nc3 0-0 11. 0-0 Be6 12. Bd5 Bxd5 13. Nxd5 Nxd5 14. Qxd5 Nd4 15. c3 Ne2+ 16. Kh1 Nxc1 17. Raxc1 Qe6 18. Rcd1 Rfd8 19. Qxb7 Qxa2 20. Rxd6 Rdb8 21. Qe7 Qxb2 22. Rd7 Rf8 23. Qxe5 a5 24. Qd5 Qxc3 25. Rxf7 Rfd8 26. Rd7+ 1-0